[Event "26th Universiade Men"]
[Site "Shenzhen CHN"]
[Date "2011.08.18"]
[Round "6"]
[White "Klaasen,C"]
[Black "Furuya,Masahiro"]
[Result "1-0"]
[WhiteElo "2068"]
[BlackElo "1962"]

1.d4 d5 2.c4 c6 3.Nf3 Nf6 4.Nc3 dxc4 5.a4 Bf5 6.e3 e6 7.Bxc4 Bb4 8.O-O O-O
9.Qe2 Nbd7 10.e4 Bg6 11.Bd3 c5 12.Na2 Ba5 13.Bg5 Qb6 14.Rfb1 Qc6 15.Bxf6 Nxf6
16.Ne5 Qc7 17.Nxg6 hxg6 18.Rc1 Qd7 19.dxc5 Rfd8 20.Bb5 Qd4 21.e5 Nd5 22.g3 a6
23.Rc4 Qd2 24.Rc2 Qg5 25.h4 Qe7 26.Bd3 Qd7 27.Rc4 Rac8 28.Bc2 Qc6 29.b4 Bc7
30.Rd1 Bb8 31.Bb3 Qc7 32.f4 Ba7 33.a5 Qc6 34.Kh2 Rd7 35.Rcd4 Rcd8 36.Bxd5 Rxd5
37.Rxd5 Rxd5 38.Nc3 Rd7 39.Rd6 Qc7 40.Qd3 Rxd6 41.Qxd6 Qc8 42.Ne4 Qe8 43.Kh3 Bb8
44.Qb6 Qd7 45.Nd6 Bxd6 46.cxd6 f5 47.b5 Kh7 48.bxa6 Qa4 49.Qxb7 Qd1 50.Qg2 Qd4
51.Kh2 Qa7 52.Qd2 Qd7 53.a7 Qd8 54.d7  1-0

[Event "Shepetivka Open"]
[Site "Shepetivka UKR"]
[Date "2011.08.18"]
[Round "3.4"]
[White "Zazuliak,A"]
[Black "Khrinovskyi,Oleksiy"]
[Result "1-0"]
[WhiteElo "2189"]
[BlackElo "2106"]

1.d4 d5 2.c4 c6 3.Nc3 Nf6 4.Nf3 dxc4 5.a4 Bf5 6.e3 e6 7.Bxc4 Bb4 8.O-O O-O
9.Qe2 Ne4 10.Nxe4 Bxe4 11.Rd1 Nd7 12.Ne1 Qe7 13.f3 Bd5 14.e4 Bxc4 15.Qxc4 e5
16.Nd3 Bd6 17.dxe5 Nxe5 18.Nxe5 Bxe5 19.f4 Bc7 20.Be3 Bb6 21.Bxb6 axb6 22.Qd4 Qc7
23.Qd6 Qxd6 24.Rxd6 Rfd8 25.Rad1 Rxd6 26.Rxd6 Kf8 27.Rd4 Ke7 28.b3 Ra5 29.Rb4 Ra6
30.Kf2 Kd6 31.Rd4+ Kc7 32.Rd3 Ra5 33.Rh3 h6 34.Rg3 g6 35.Rh3 b5 36.axb5 Rxb5
37.Rxh6 Kd7 38.Rh3 Rb4 39.Rd3+ Ke6 40.Kf3 c5 41.g4 b5 42.h4 c4 43.bxc4 bxc4
44.f5+ gxf5 45.gxf5+ Ke7 46.Rd4 Rb3+ 47.Kf4 Rc3 48.Rd1 f6 49.Rh1 Kf7 50.h5 Kg7
51.h6+ Kh7 52.Rg1 Kxh6 53.Rg6+ Kh7 54.Rxf6 Rc1 55.Rf7+ Kg8 56.Rc7 c3 57.Ke3 Re1+
58.Kd3 Rd1+ 59.Ke2 Rc1 60.Rc4 Kf7 61.Kd3 Kf6 62.Rxc3 Rd1+ 63.Ke2 Rd4 64.Ke3 Rd1
65.Rc6+ Kg5 66.Rg6+  1-0

[Event "Stare Mesto FIDE Open"]
[Site "Stare Mesto CZE"]
[Date "2011.08.18"]
[Round "8"]
[White "Plischki,S"]
[Black "Cizinsky,P"]
[Result "1-0"]
[WhiteElo "2333"]
[BlackElo "2148"]

1.d4 d5 2.c4 c6 3.Nf3 Nf6 4.Nc3 dxc4 5.a4 Bf5 6.Ne5 e6 7.f3 Nbd7 8.e4 Bg6
9.Nxc4 Bb4 10.Be2 Qe7 11.O-O e5 12.Na2 Bd6 13.Nxd6+ Qxd6 14.dxe5 Qxe5 15.Qb3 Nc5
16.Qa3 O-O 17.Be3 Ne6 18.Rfd1 Rfd8 19.Qc3 Qh5 20.Rxd8+ Rxd8 21.Re1 Rd7 22.Nc1 c5
23.Nb3 b6 24.a5 Rd8 25.Bc4 Qh4 26.Qc1 h6 27.Rd1 Nh5 28.Rxd8+ Qxd8 29.Qd2 Kf8
30.Bxe6 Qxd2 31.Nxd2 fxe6 32.Nc4 bxa5 33.Bxc5+ Kg8 34.Bxa7 a4 35.Kf2 Nf4
36.Ne5 Be8 37.Be3 Ng6 38.Nc4 Ne7 39.Bc5 Nc6 40.Ke3  1-0

[Event "26th Universiade Men"]
[Site "Shenzhen CHN"]
[Date "2011.08.19"]
[Round "7"]
[White "Zhou Jianchao"]
[Black "Batchuluun,T"]
[Result "0-1"]
[WhiteElo "2636"]
[BlackElo "2427"]

1.Nf3 Nf6 2.c4 c6 3.d4 d5 4.Nc3 dxc4 5.a4 Bf5 6.Ne5 e6 7.f3 Bb4 8.Nxc4 O-O
9.Kf2 c5 10.e4 Bxc3 11.bxc3 Bxe4 12.fxe4 Nxe4+ 13.Kg1 Nxc3 14.Qe1 cxd4 15.Ba3 Re8
16.Nd6 Re7 17.Nb5 Rd7 18.Nxc3 dxc3 19.Qxc3 Nc6 20.h4 Rc8 21.Rc1 Ne7 22.Qb3 Rxc1
23.Bxc1 Nf5 24.Bg5 Qa5 25.Rh3 h6 26.Be3 Nxe3 27.Rxe3 Qc5 28.Qc3 Qxc3 29.Rxc3 a6
30.Rd3 Rc7 31.Rd8+ Kh7 32.Bd3+ g6 33.h5 Kg7 34.hxg6 fxg6 35.Kf2 Rc3 36.Ke3 Ra3
37.Rd7+ Kf6 38.Rh7 h5 39.Rh6 Rxd3+  0-1

[Event "ch-FRA Accession"]
[Site "Caen FRA"]
[Date "2011.08.21"]
[Round "6.4"]
[White "Dubessay,B"]
[Black "Benitah,Y"]
[Result "1-0"]
[WhiteElo "2310"]
[BlackElo "2392"]

1.d4 d5 2.c4 c6 3.Nf3 Nf6 4.Nc3 dxc4 5.a4 Bf5 6.Ne5 Nbd7 7.Nxc4 Qc7 8.g3 e5
9.dxe5 Nxe5 10.Bf4 Nfd7 11.Bg2 Be7 12.O-O Be6 13.Nxe5 Nxe5 14.Qc2 a6 15.Rfd1 O-O
16.Ne4 Qa5 17.b4 Bxb4 18.Rab1 Ng6 19.Bd6 Bxd6 20.Nxd6 Qh5 21.Rxb7 Ne5 22.Rb4 Rab8
23.Rh4 Qg6 24.Qc3 Rb1 25.Rd4 Ng4 26.h3 Bb3 27.Rxg4 Rxd1+ 28.Kh2 Qxg4 29.hxg4 Rxd6
30.Qxb3 Rfd8 31.a5 c5 32.Be4 g6 33.Bd3 h6 34.Bc4 Rf6 35.Kg2 Rd4 36.f4 Kg7
37.e3 Rd2+ 38.Kf3 g5 39.Qc3  1-0

[Event "72nd ch-ARM 1st League"]
[Site "Kajaran ARM"]
[Date "2011.08.23"]
[Round "6"]
[White "Babujian,L"]
[Black "Gabuzyan,H"]
[Result "1-0"]
[WhiteElo "2468"]
[BlackElo "2404"]

1.d4 d5 2.c4 c6 3.Nc3 Nf6 4.Nf3 dxc4 5.a4 Bf5 6.Nh4 Bg6 7.Nxg6 hxg6 8.e4 e5
9.Bxc4 exd4 10.e5 Nd5 11.Qxd4 Bb4 12.O-O Bxc3 13.bxc3 Qh4 14.h3 Qxd4 15.cxd4 Nd7
16.Rb1 b6 17.Bxd5 cxd5 18.Rb5 O-O-O 19.Rxd5 Nb8 20.Rxd8+ Rxd8 21.Be3 Rd5
22.f4 Kd7 23.g4 Nc6 24.Kg2 Ra5 25.Ra1 Ke6 26.h4 Kd5 27.Bd2 Ra6 28.Bc3 Kc4
29.Bb2 Nb4 30.f5 gxf5 31.gxf5 Kd5 32.Kf3 Nc6 33.h5 Ne7 34.f6 gxf6 35.h6 Ng6
36.h7 fxe5 37.Rg1  1-0

[Event "Caissa GM Aug 2011"]
[Site "Kecskemet HUN"]
[Date "2011.08.23"]
[Round "4.4"]
[White "Ilincic,Z"]
[Black "Kislik,E"]
[Result "1-0"]
[WhiteElo "2468"]
[BlackElo "2328"]

1.d4 d5 2.c4 c6 3.Nf3 Nf6 4.Nc3 dxc4 5.a4 Bf5 6.e3 e6 7.Bxc4 Bb4 8.O-O O-O
9.Qe2 Nbd7 10.e4 Bg6 11.Bd3 c5 12.e5 cxd4 13.exf6 dxc3 14.fxg7 Re8 15.Rd1 Qc7
16.Bxg6 fxg6 17.Qb5 Bd6 18.bxc3 Ne5 19.Ng5 Ng4 20.h3 Rad8 21.Rxd6 Qxd6 22.hxg4 Qd1+
23.Kh2 Qxg4 24.Qxb7 Qh4+ 25.Nh3 Re7 26.Qf3 Rf7 27.Qe2 Qh5 28.Qxe6 Qd5 29.Qxd5 Rxd5
30.Be3 Rxg7 31.Rb1 Rd8 32.Bd4 Rc7 33.Ng5 Re8 34.f3  1-0

[Event "ch-FRA National B"]
[Site "Caen FRA"]
[Date "2011.08.25"]
[Round "10"]
[White "Cornette,M"]
[Black "Cossin,S"]
[Result "1-0"]
[WhiteElo "2568"]
[BlackElo "2502"]

1.d4 d5 2.c4 c6 3.Nf3 Nf6 4.Nc3 dxc4 5.a4 Bf5 6.Nh4 Bg4 7.h3 Bh5 8.g4 Bg6
9.Bg2 e6 10.O-O Na6 11.Nxg6 hxg6 12.e3 Nb4 13.Qe2 Qc7 14.Bd2 a5 15.Rfd1 Be7
16.Qxc4 O-O 17.Rac1 Rfd8 18.e4 Nd7 19.Be3 Qb8 20.f4 Bd6 21.Rf1 c5 22.e5 cxd4
23.Bxd4 Rc8 24.Qb5 Bc5 25.Ne2 Rc7 26.Rxc5 Nxc5 27.Bxc5  1-0

[Event "Lyudmila Rudenko Mem"]
[Site "St Petersburg RUS"]
[Date "2011.08.25"]
[Round "3"]
[White "Trapeznikova,D"]
[Black "Shulakova,S"]
[Result "1-0"]
[WhiteElo "1979"]
[BlackElo "2177"]

1.d4 d5 2.c4 c6 3.Nf3 Nf6 4.Nc3 dxc4 5.a4 Bf5 6.Ne5 Nbd7 7.Nxc4 Qc7 8.g3 e5
9.dxe5 Nxe5 10.Bf4 Rd8 11.Qc1 Bd6 12.Nxd6+ Qxd6 13.Qe3 Ng4 14.Qxa7 Qb4 15.Bxe5 Qxb2
16.Rd1 O-O 17.Bd4 Bc2 18.e3 Bxd1 19.Nxd1 Qb4+ 20.Nc3 Nf6 21.Qc5 Qxc5 22.Bxc5 Rfe8
23.Bb6 Ra8 24.Bh3 Ne4 25.Nxe4 Rxe4 26.a5 g6 27.Ke2 f5 28.Rd1 Rae8 29.Bg2 R4e5
30.Bf1 h6 31.Kf3 Kh7 32.Bd8 Rd5 33.Rxd5 cxd5 34.Bb6 Kg7 35.Bb5 Re4 36.Bd4+ Kf7
37.Ba4 Re7 38.Bb3 Ke6 39.Bb6 Re8 40.Ke2 Rc8 41.Kd2 Kd6 42.Bd4 Ra8 43.Bc3 Kc5
44.Kd3 Re8 45.h3 Ra8 46.Bd1 Re8 47.g4 fxg4 48.hxg4 Rf8 49.f4 Rf7 50.Kd2 Re7
51.f5 gxf5 52.gxf5  1-0

[Event "3rd Senica Open"]
[Site "Senica SVK"]
[Date "2011.08.26"]
[Round "7.27"]
[White "Kastler,P"]
[Black "Wasik,Joz"]
[Result "1/2-1/2"]
[WhiteElo "1720"]
[BlackElo "1838"]

1.d4 d5 2.c4 c6 3.Nc3 Nf6 4.Nf3 dxc4 5.a4 Bf5 6.e3 e6 7.Bxc4 Bb4 8.Bd2 O-O
9.O-O Nbd7 10.h3 h6 11.Re1 Bxc3 12.Bxc3 Ne4 13.Bb4 Re8 14.Bd3 Qb6 15.Ba3 Rad8
16.Qc2 Ndf6 17.b4 Nd6 18.Bxf5 Nxf5 19.Qc5 Nd7 20.Qc4 Nd6 21.Qc2 e5 22.Rec1 exd4
23.Nxd4 Nf6 24.b5 cxb5 25.Bxd6 Rxd6 26.axb5 a6 27.bxa6 bxa6 28.Rcb1 Qd8 29.Qc4 Ne4
30.Rb7 Qf6 31.Ra2 Ra8 32.Qc2 Ng5 33.Rab2 g6 34.Qc5 a5 35.Rb8+ Rd8 36.Rxd8+ Qxd8
37.Qb6 Qxb6 38.Rxb6 Ne4 39.Rb1 Kf8 40.Ra1 a4 41.Ra3 Ke8 42.Kf1 Nc5 43.Ke2 Kd7
44.f3 Rb8 45.Ra2 Rb1 46.Nc2 Kc7 47.Ra1 Rb2 48.Kd1 Kb6 49.Kc1 Rb3 50.Rb1 Ka5
51.Rxb3 axb3 52.Na3 Kb4 53.Nb1 f5 54.g4 Kc4 55.Kd2 Na4 56.Na3+ Kb4 57.Nb1 Nb2
58.h4 h5 59.gxh5 gxh5 60.e4 fxe4 61.fxe4 Nc4+ 62.Kd3 Ne5+ 63.Kd4 Nf3+ 64.Ke3 Nxh4
65.e5 Ng6 66.e6 Kc5 67.Kd3 Nf4+ 68.Kc3 Nxe6 69.Nd2 b2 70.Kxb2 Kd4 71.Kc2 Ke3
72.Kd1 Kf2 73.Ne4+ Kf3 74.Nd2+ Kg2 75.Ke1 Nd4 76.Ne4 h4 77.Nf2  1/2-1/2

[Event "TCh-SRB Premier Men"]
[Site "Valjevo SRB"]
[Date "2011.08.29"]
[Round "3.1"]
[White "Pavlovic,G1"]
[Black "Zivkovic,I"]
[Result "1-0"]
[WhiteElo "2406"]
[BlackElo "2367"]

1.d4 d5 2.c4 c6 3.Nf3 Nf6 4.Nc3 dxc4 5.a4 Bf5 6.e3 e6 7.Bxc4 Bb4 8.O-O Nbd7
9.Qe2 O-O 10.e4 Bg4 11.e5 Nd5 12.Nxd5 cxd5 13.Bd3 Rc8 14.Qe3 Qe7 15.Ng5 h6
16.Nh7 Rfe8 17.Qg3 Rxc1 18.Raxc1 Bf5 19.Bxf5 exf5 20.Nf6+ Nxf6 21.exf6 Qxf6
22.Qb3 Qxd4 23.Rfd1 Bd2 24.Qb5 Re6 25.Rc2 Re1+ 26.Rxe1 Bxe1 27.Qe8+  1-0

[Event "Richard Reti Mem"]
[Site "Trnava SVK"]
[Date "2011.08.31"]
[Round "4.7"]
[White "Kovac,L2"]
[Black "Varga,Dav"]
[Result "1-0"]
[WhiteElo "2096"]
[BlackElo "2364"]

1.d4 d5 2.c4 c6 3.Nf3 Nf6 4.Nc3 dxc4 5.a4 Bf5 6.e3 e6 7.Bxc4 Bb4 8.O-O O-O
9.Qe2 Ne4 10.Bd2 Nxd2 11.Nxd2 Bg6 12.Nf3 Nd7 13.Rfd1 Qa5 14.Rdc1 Rfe8 15.Na2 Bd6
16.Nc3 Rac8 17.Bd3 e5 18.Bxg6 hxg6 19.Ne4 Bf8 20.Nfg5 exd4 21.Qg4 Nf6 22.Qh4 Be7
23.g4 dxe3 24.fxe3 Qe5 25.Rf1 Rc7 26.Rf3 Qxe4 27.Nxe4 Nxe4 28.Qe1 Ng5 29.Rg3 Bd6
30.Rd1 Be5 31.h4 Ne4 32.Rf3 Bxb2 33.Kg2 Bc3 34.Qe2 Bf6 35.Qe1 c5 36.Qa5 b6
37.Qb5 Rce7 38.Rd7 Rxd7 39.Qxd7 Rd8 40.Qb7 Rd2+ 41.Kf1 Nd6 42.Qxa7 Nc4 43.g5 Be5
44.Qxf7+ Kh7 45.Qxc4  1-0

[Event "18th Graz Open"]
[Site "Graz AUT"]
[Date "2011.09.01"]
[Round "6"]
[White "Handler,L"]
[Black "Kranewitter,N"]
[Result "1-0"]
[WhiteElo "2301"]
[BlackElo "2111"]

1.d4 d5 2.c4 c6 3.Nf3 Nf6 4.Nc3 dxc4 5.a4 Bf5 6.e3 e6 7.Bxc4 Bb4 8.O-O O-O
9.Qe2 Bg4 10.h3 Bh5 11.Rd1 Nbd7 12.e4 Qc7 13.Bd2 a5 14.Rac1 Rfe8 15.e5 Bxc3
16.bxc3 Nd5 17.Bd3 Bg6 18.Bxg6 hxg6 19.Ng5 Nf8 20.Ne4 Re7 21.Rb1 Nh7 22.c4 Nb6
23.Qd3 Nc8 24.Bc1 b6 25.Ba3 Rd7 26.Rb3 c5 27.Qf3 cxd4 28.Nc5 bxc5 29.Qxa8 Rd8
30.Rb7 Qc6 31.Qxa5 Rf8 32.Rc7 Qe4 33.Qxc5 Qe2 34.Rxd4 Qe1+ 35.Kh2 Nb6 36.Qxb6 Qxe5+
37.f4  1-0

[Event "TCh-POL Ekstraliga"]
[Site "Miedzybrodzie-Zywiec POL"]
[Date "2011.09.02"]
[Round "4.5"]
[White "Dziuba,M"]
[Black "Miton,K"]
[Result "1/2-1/2"]
[WhiteElo "2593"]
[BlackElo "2619"]

1.d4 d5 2.c4 c6 3.Nc3 Nf6 4.Nf3 dxc4 5.a4 Bf5 6.e3 e6 7.Bxc4 Nbd7 8.O-O Bb4
9.Qe2 Bg6 10.e4 O-O 11.Bd3 Bh5 12.e5 Nd5 13.Nxd5 cxd5 14.Qe3 Be7 15.Ng5 Bxg5
16.Qxg5 Bg6 17.Be2 Nb8 18.Qxd8 Rxd8 19.Bd2 Nc6 20.Bc3 f6 21.exf6 gxf6 22.b4 e5
23.Rfd1 Rac8 24.Bg4 Rc7 25.b5 Nxd4 26.Bxd4 exd4 27.Rxd4 Rc4 28.Be6+ Bf7 29.Rad1 Rxd4
30.Bxf7+ Kxf7 31.Rxd4 Ke6  1/2-1/2

[Event "3rd Julio Bolbochan Mem"]
[Site "Banfield ARG"]
[Date "2011.09.03"]
[Round "6.3"]
[White "Guerrero,Alv"]
[Black "Gaitan,Juan Manuel"]
[Result "0-1"]
[WhiteElo "2210"]
[BlackElo "2181"]

1.d4 d5 2.c4 c6 3.Nf3 Nf6 4.Nc3 dxc4 5.a4 Bf5 6.e3 e6 7.Bxc4 Bb4 8.O-O O-O
9.Nh4 Nbd7 10.Nxf5 exf5 11.Qc2 Nb6 12.Bd3 g6 13.Ne2 Rc8 14.Bd2 Nbd5 15.Rfd1 Re8
16.Qb3 Bd6 17.g3 Qe7 18.Bc4 h5 19.Nc3 Nb6 20.Bf1 h4 21.Bg2 hxg3 22.hxg3 Qc7
23.Rac1 a6 24.a5 Nbd7 25.Ne2 Ne4 26.Be1 Ndf6 27.Nf4 Bxf4 28.gxf4 Nd5 29.Rc2 Kg7
30.Rdc1 Qd7 31.Qd3 Re6 32.Re2 Rce8 33.Rcc2 Nef6 34.Qc4 Qe7 35.Bf3 Ne4 36.Bg2 Nd6
37.Bb4 Nxc4 38.Bxe7 Ncxe3 39.fxe3 Nxe7 40.Kf2 Rd6 41.Rc3 Ng8 42.Rc5 Nf6 43.Bf3 Re7
44.Rc3 Kf8 45.Re1 Ne4+ 46.Bxe4 Rxe4 47.b4 Ke7 48.Rh1 Rd5 49.Rh8 Rb5 50.Rc4 g5
51.fxg5 f4 52.Kf3 Rxe3+ 53.Kxf4 Rb3 54.Rh7 Kf8 55.Rh4 Kg7 56.Rg4 R3xb4 57.Rxb4 Rxb4
58.Ke5 Rb5+ 59.Kd6 Rxa5 60.Ke7 Rd5 61.Rf4 Kg6 62.Rf6+ Kxg5 63.Rxf7 Rxd4 64.Ke6 Rb4
65.Kd6 a5 66.Kc5 Rb5+ 67.Kc4 a4 68.Rf2 Rf5 69.Rg2+ Kf6 70.Kb4 b5 71.Rc2 Rf4+
72.Ka5 Rc4 73.Re2 a3 74.Ra2 b4 75.Ka4 c5 76.Re2 Rc3 77.Ra2 Ke5 78.Rd2 Ke4
79.Rh2 Kd3 80.Rg2 a2  0-1

[Event "TCh-SRB Premier Men"]
[Site "Valjevo SRB"]
[Date "2011.09.05"]
[Round "10.5"]
[White "Radojevic,S"]
[Black "Rajcevic,S"]
[Result "1/2-1/2"]
[WhiteElo "2015"]
[BlackElo "2095"]

1.d4 d5 2.c4 c6 3.Nc3 Nf6 4.Nf3 dxc4 5.a4 Bf5 6.Ne5 Nbd7 7.Nxc4 Qc7 8.Qd2 Nd5
9.f3 e6 10.e4 Nxc3 11.bxc3 Bg6 12.Qf4 Qxf4 13.Bxf4 f5 14.e5 Be7 15.Na5 O-O-O
16.Be2 Nb6 17.Rb1 Rd7 18.Nxb7 Kxb7 19.a5 Kc7 20.axb6+ axb6 21.O-O Ra8 22.Ra1 Rdd8
23.c4 Rxa1 24.Rxa1  1/2-1/2

[Event "9th Amantea Open"]
[Site "Amantea ITA"]
[Date "2011.09.06"]
[Round "3"]
[White "Gromovs,S"]
[Black "Rizzardi,F"]
[Result "1/2-1/2"]
[WhiteElo "2297"]
[BlackElo "2005"]

1.d4 d5 2.c4 c6 3.Nf3 Nf6 4.Nc3 dxc4 5.a4 Bf5 6.Ne5 Nbd7 7.Nxc4 Qc7 8.Qd2 Rd8
9.Qf4 Qxf4 10.Bxf4 Nd5 11.Nxd5 cxd5 12.Ne3 e6 13.Nxf5 exf5 14.Bd2 Bd6 15.e3 O-O
16.Bd3 g6 17.h4 Nf6 18.a5 a6 19.Ke2 Rfe8 20.h5 Ne4 21.Rhc1 Nxd2 22.Kxd2 Rc8
23.Rxc8 Rxc8 24.Be2 Kg7 25.Bf3 Rd8 26.Kc3 Be7 27.Kb3 Rd7 28.Rc1 Kf6 29.Rc8 Bd8
30.Ka4 Ke6 31.b4 f6 32.Be2 Bc7 33.g3 Kd6 34.Rf8 Ke7 35.Rg8 Kf7 36.Rh8 Ke6
37.b5 axb5+ 38.Bxb5 Re7 39.h6 g5 40.Bd3 g4 41.Rg8 Bd6 42.Rg7 Rc7 43.Kb3 Re7
44.Rg8 Rf7 45.Re8+ Re7 46.Rc8 Rf7 47.Rc1 Rc7 48.Rh1 f4 49.exf4 f5 50.Rh5 Rf7
51.Ka4 Bf8 52.Kb5 Ba3 53.Rh1 Bb2 54.Rd1 Kd6 55.Bb1 Bc3 56.Kb6 Ke6 57.Rd3 Bb2
58.Ba2 Kd6 59.Bb3 Re7 60.Ba4 Ba1 61.Bb5 Bb2  1/2-1/2

[Event "5th ch-Euro IBCA"]
[Site "Rhodes GRE"]
[Date "2011.09.06"]
[Round "1.12"]
[White "Altinok,K"]
[Black "Olsar,J"]
[Result "0-1"]
[WhiteElo "1870"]
[BlackElo "2231"]

1.d4 d5 2.Nf3 Nf6 3.c4 c6 4.Nc3 dxc4 5.a4 Bf5 6.e3 e6 7.Bxc4 Bb4 8.O-O Nbd7
9.Qe2 Bg6 10.Rd1 Qe7 11.Bd3 Bh5 12.e4 e5 13.d5 O-O 14.dxc6 bxc6 15.Bg5 Rad8
16.Rac1 Nc5 17.Bc4 Bxc3 18.bxc3 Nxa4 19.Rxd8 Rxd8 20.Qa2 Nb6 21.Bf1 Rd7 22.Nd2 h6
23.Bh4 Qd6 24.Rc2 Bd1 25.Rb2 Qc5 26.Nc4 Nxe4 27.Nxb6 axb6 28.Qa8+ Kh7  0-1

[Event "Paignton Ron Bruce Premier"]
[Site "Paignton ENG"]
[Date "2011.09.08"]
[Round "5"]
[White "Burnett,J"]
[Black "Henriksson,Jo"]
[Result "0-1"]
[WhiteElo "2148"]
[BlackElo "2289"]

1.d4 d5 2.c4 c6 3.Nf3 Nf6 4.Nc3 dxc4 5.a4 Bf5 6.Ne5 Na6 7.f3 Nd7 8.Nxc4 e5
9.e4 exd4 10.exf5 dxc3 11.Qe2+ Be7 12.bxc3 O-O 13.Be3 Re8 14.Kf2 Bc5 15.Qd2 Qe7
16.Bd3 Nb6 17.Bxc5 Qxc5+ 18.Ne3 Rad8 19.Qe2 Nd5 20.Be4 Nxe3  0-1

[Event "8th LGA Premium Cup"]
[Site "Nuernberg GER"]
[Date "2011.09.11"]
[Round "7.32"]
[White "Raykhman,A"]
[Black "Seibold,H"]
[Result "1-0"]
[WhiteElo "2357"]
[BlackElo "2214"]

1.d4 d5 2.c4 c6 3.Nf3 Nf6 4.Nc3 dxc4 5.a4 Bf5 6.Ne5 Nbd7 7.Nxc4 Nb6 8.Ne5 a5
9.f3 Nfd7 10.e4 Nxe5 11.exf5 Ned7 12.d5 g6 13.dxc6 bxc6 14.Qd4 Nf6 15.Qc5 Nbd7
16.Qxc6 Rc8 17.Qb5 Bg7 18.fxg6 hxg6 19.Qe2 Rxc3 20.bxc3 Ne4 21.Bb2 Ng3 22.hxg3 Rxh1
23.O-O-O Qc7 24.Qe4 Qa7 25.Qc6 Bh6+ 26.f4 Kf8 27.Qc8+ Kg7 28.Qxd7 Qxd7 29.Rxd7 Rxf1+
30.Rd1 Rxd1+ 31.Kxd1 Kf6 32.Ke2 Ke6 33.c4 g5 34.fxg5 Bxg5 35.Bc3 Kd6 36.Bxa5 Kc5
37.Kd3 e5 38.g4 e4+ 39.Kxe4 Kxc4 40.Kf5 Be7 41.Bd2 Bd8 42.Bg5 Bc7 43.Be7 Kd5
44.Kf6  1-0

[Event "FSIM September"]
[Site "Budapest HUN"]
[Date "2011.09.12"]
[Round "10"]
[White "Koczo,K"]
[Black "Kamberi,S"]
[Result "0-1"]
[WhiteElo "2221"]
[BlackElo "2283"]

1.d4 d5 2.c4 c6 3.Nf3 Nf6 4.Nc3 dxc4 5.a4 Bf5 6.e3 e6 7.Bxc4 Bb4 8.O-O Nbd7
9.Nh4 Bg4 10.f3 Bh5 11.g4 Bg6 12.e4 O-O 13.g5 Ne8 14.Nxg6 hxg6 15.Be3 c5
16.d5 e5 17.Qe2 a6 18.Na2 Ba5 19.Nc1 Nd6 20.Nb3 Bb4 21.Bd3 Rc8 22.Nd2 c4
23.Nxc4 Nxc4 24.Bxc4 Bc5 25.Bxc5 Qxg5+ 26.Kh1 Rxc5 27.b4 Rc7 28.d6 Rc6 29.Bd5 Rxd6
30.Bxb7 Rb8 31.Bxa6 Rxb4 32.Rfd1 Rxa6 33.Qxa6 Rb2 34.Qf1 Qh5 35.h3 Qh4 36.Rab1 Rf2
37.Qxf2 Qxf2 38.Rxd7 Qxf3+ 39.Kh2 Qe2+ 40.Kg1 Qe3+ 41.Kh2 Qf4+ 42.Kg1 Qg3+  0-1

[Event "ch-Euro Youth b18"]
[Site "Albena BUL"]
[Date "2011.09.14"]
[Round "4.40"]
[White "Brcar,Al"]
[Black "Abozenko,G"]
[Result "1/2-1/2"]
[WhiteElo "1932"]
[BlackElo "1911"]

1.d4 d5 2.c4 c6 3.Nf3 Nf6 4.Nc3 dxc4 5.a4 Bf5 6.e3 e6 7.Bxc4 Bb4 8.O-O O-O
9.Qe2 Nbd7 10.e4 Bg4 11.Rd1 h6 12.e5 Nd5 13.Nxd5 cxd5 14.Bd3 f6 15.h3 Bxf3
16.Qxf3 fxe5 17.Qg3 e4 18.Bxh6 Qe7 19.Bg5 Qd6 20.Qxd6 Bxd6 21.Bb5 Nb8 22.Rac1 a6
23.Be2 Nc6 24.Bg4 Rae8 25.Bh5 Rc8 26.Bg4 Rce8 27.Bh5 Rc8 28.Bg4  1/2-1/2

[Event "ch-Euro Youth b18"]
[Site "Albena BUL"]
[Date "2011.09.17"]
[Round "6.29"]
[White "Podolsky,A"]
[Black "Dvir,O"]
[Result "1/2-1/2"]
[WhiteElo "2240"]
[BlackElo "2075"]

1.d4 d5 2.c4 c6 3.Nc3 Nf6 4.Nf3 dxc4 5.a4 Bf5 6.e3 e6 7.Bxc4 Bb4 8.O-O O-O
9.Qe2 Nbd7 10.h3 Bg6 11.Rd1 Rc8 12.Bd2 Qe7 13.Bd3 Bxd3 14.Qxd3 Rfd8 15.Ne4 Nxe4
16.Qxe4 Nf6 17.Qc2 h6 18.Bxb4 Qxb4 19.Rd3 Qe7 20.Rc1 Rc7 21.Rb3 Rdc8 22.Qc5 Qd8
23.Rd3  1/2-1/2

[Event "ch-Euro Youth b18"]
[Site "Albena BUL"]
[Date "2011.09.17"]
[Round "6.12"]
[White "Sipahioglu,I"]
[Black "Mammadov,Z"]
[Result "0-1"]
[WhiteElo "2115"]
[BlackElo "2361"]

1.d4 d5 2.c4 c6 3.Nc3 Nf6 4.Nf3 dxc4 5.a4 Bf5 6.Ne5 Na6 7.f3 Nd7 8.Nxc4 e5
9.e4 exd4 10.Qxd4 Nb4 11.Qd1 Be6 12.Bf4 Bxc4 13.Bxc4 Qf6 14.Be3 Ne5 15.Be2 Rd8
16.Qb3 Nbd3+ 17.Bxd3 Nxd3+ 18.Ke2 Bc5 19.Bxc5 Nxc5 20.Qc2 Qg5 21.g3 Nb3 22.Rad1 Nd4+
23.Rxd4 Rxd4 24.f4 Qc5 25.Rd1 O-O 26.Qb3 Qh5+  0-1

[Event "e2e4 Sunningdale Autumn"]
[Site "Sunningdale ENG"]
[Date "2011.09.17"]
[Round "3"]
[White "Bryant,Jon"]
[Black "Dixit,Kumar"]
[Result "1/2-1/2"]
[WhiteElo "2049"]
[BlackElo "1810"]

1.d4 d5 2.Nf3 Nf6 3.c4 c6 4.Nc3 dxc4 5.a4 Bf5 6.e3 e6 7.Bxc4 Bb4 8.O-O O-O
9.Qe2 Nbd7 10.e4 Bg6 11.Bd3 c5 12.e5 Nd5 13.Nxd5 exd5 14.Bxg6 fxg6 15.dxc5 Nxc5
16.Nd4 Qh4 17.Be3 Qe4 18.Nf3 Nd3 19.Rad1 Nf4 20.Qb5 a6 21.Qxb7 Rab8 22.Qxa6 Ra8  1/2-1/2

[Event "4th Mumbai Mayors Cup"]
[Site "Mumbai IND"]
[Date "2011.09.18"]
[Round "4"]
[White "Kotanjian,T"]
[Black "Thakur,Ak"]
[Result "0-1"]
[WhiteElo "2546"]
[BlackElo "2319"]

1.d4 d5 2.c4 c6 3.Nf3 Nf6 4.Nc3 dxc4 5.a4 Bf5 6.Ne5 Nbd7 7.Nxc4 Qc7 8.g3 e5
9.dxe5 Nxe5 10.Bf4 Nfd7 11.Bg2 f6 12.O-O Nc5 13.Ne3 Bg6 14.b4 Ne6 15.b5 Rd8
16.Qc1 Nd4 17.Qb2 Bc5 18.Ne4 Bxe4 19.Bxe4 g5 20.Bxe5 Qxe5 21.Qb1 Nxe2+ 22.Kh1 Nc3  0-1

[Event "4th Mumbai Mayors Cup"]
[Site "Mumbai IND"]
[Date "2011.09.20"]
[Round "6"]
[White "Kotanjian,T"]
[Black "Ravi,TeS"]
[Result "1-0"]
[WhiteElo "2546"]
[BlackElo "2300"]

1.d4 d5 2.c4 c6 3.Nf3 Nf6 4.Nc3 dxc4 5.a4 Bf5 6.Ne5 Na6 7.e3 Nb4 8.Bxc4 e6
9.O-O Bd6 10.Qe2 Nc2 11.Rb1 Nd5 12.Rd1 Na3 13.Ra1 Nxc4 14.Nxc4 Bc7 15.e4 Qh4
16.e5 O-O 17.g3 Qe7 18.Ne4 Bxe4 19.Qxe4 c5 20.Qg4 f5 21.Qf3 cxd4 22.b3 Rf7
23.Ba3 Qg5 24.Rxd4 f4 25.Re1 Rd8 26.Bc1 Rdf8 27.Ree4 a6 28.a5 Bb8 29.h4 Qg6
30.Bxf4 Ba7 31.h5 Nxf4 32.Rxf4 Qg5 33.Nd6 Rxf4 34.Rxf4 Rb8 35.Nc4 Bc5 36.Kg2 h6
37.Rg4 Qe7 38.Qe4 Qf7 39.Qe2 Rf8 40.Rf4 Qe8 41.Rxf8+ Qxf8 42.Qf3 Qc8 43.Qe4 Qd7
44.f4 Qd1 45.Qf3 Qg1+ 46.Kh3 Bf2 47.Kg4 Qh2 48.f5 exf5+ 49.Kxf5 Bxg3 50.Kg6 Qc2+
51.Qf5 Qxf5+ 52.Kxf5 Kf8 53.Ke6 Bh4 54.Nd6 Bg3 55.Nxb7 g6 56.hxg6 h5 57.Nd6 h4
58.Nf5 Be1 59.Kf6  1-0

[Event "US Chess League 2011"]
[Site "ICC INT"]
[Date "2011.09.21"]
[Round "4"]
[White "Fedorowicz,J"]
[Black "Korley,K"]
[Result "1-0"]
[WhiteElo "2440"]
[BlackElo "2350"]

1.d4 d5 2.c4 c6 3.Nf3 Nf6 4.Nc3 dxc4 5.a4 Bf5 6.e3 e6 7.Bxc4 Bb4 8.O-O Nbd7
9.Qe2 Bg6 10.e4 Bxc3 11.bxc3 Nxe4 12.Ba3 Qc7 13.Rfc1 c5 14.Bb5 O-O 15.Bxd7 Qxd7
16.Ne5 Qd5 17.f3 Nf6 18.Bxc5 Rfc8 19.c4 Qd8 20.Qb2 b6 21.Bb4 Rab8 22.Be1 Nd7
23.Ng4 Rb7 24.Ne3 Qf6 25.Bg3 Qg5 26.Re1 Qa5 27.h3 Nf6 28.Be5 Nd7 29.Bh2 Nf6
30.Kh1 Rd7 31.Be5 Ne8 32.d5 exd5 33.Bc3 Qa6 34.Nxd5 Qb7 35.Qe2 f6 36.Ne7+ Rxe7
37.Qxe7 Qxe7 38.Rxe7 Rxc4 39.Be1 a6 40.Bg3 Kf8 41.Rb7 Rb4 42.Bf2  1-0

[Event "Tatry Open"]
[Site "Tatranske Zruby SVK"]
[Date "2011.09.27"]
[Round "4.54"]
[White "Orosi,P"]
[Black "Fejtek,P"]
[Result "1/2-1/2"]
[WhiteElo "2061"]
[BlackElo "1903"]

1.d4 d5 2.c4 c6 3.Nc3 Nf6 4.Nf3 dxc4 5.a4 Bf5 6.e3 e6 7.Bxc4 Bb4 8.O-O Nbd7
9.h3 O-O 10.Bd2 Qe7 11.Qb3 Nb6 12.Be2 Rfd8 13.Ne4 Bxd2 14.Nexd2 Ne4 15.a5 Nd5
16.Nxe4 Bxe4 17.Rfc1 Rac8 18.Ne5 Nf6 19.Bd3 Bxd3 20.Nxd3 a6 21.Ra4 Rb8 22.Qc2 Qc7  1/2-1/2

[Event "34th OFSz Mayor's Cup"]
[Site "Zabrze POL"]
[Date "2011.09.27"]
[Round "7.9"]
[White "Klementys,J"]
[Black "Tomaka,Marek"]
[Result "1-0"]
[WhiteElo "1825"]
[BlackElo "1582"]

1.d4 d5 2.c4 c6 3.Nf3 Nf6 4.Nc3 dxc4 5.a4 Bf5 6.e3 e6 7.Bxc4 Bb4 8.O-O Nbd7
9.Nh4 Bg6 10.Nxg6 hxg6 11.Qb3 Bd6 12.f4 Nb6 13.Bd3 Ng4 14.h3 Nf6 15.a5 Nbd5
16.e4 Nb4 17.Bc4 Be7 18.Rd1 Qc7 19.d5 Bc5+ 20.Kf1 O-O-O 21.dxe6 Rxd1+ 22.Qxd1 Rd8
23.Qe2 Nh5 24.Qf3 Nc2 25.Rb1 Nd4 26.Qg4 Nf6 27.Qg5 Qe7 28.e5 Nxe6 29.exf6 gxf6
30.Qg4 f5 31.Qe2 Qh4 32.Bxe6+ fxe6 33.Qxe6+ Rd7 34.Be3 Bxe3 35.Qxe3 Re7 36.Qf2  1-0

[Event "34th OFSz Mayor's Cup"]
[Site "Zabrze POL"]
[Date "2011.09.28"]
[Round "8.11"]
[White "Gora,Tomasz"]
[Black "Tomaka,Marek"]
[Result "0-1"]
[WhiteElo "1849"]
[BlackElo "1582"]

1.d4 d5 2.c4 c6 3.Nf3 Nf6 4.Nc3 dxc4 5.a4 Bf5 6.e3 e6 7.Bxc4 Nbd7 8.O-O Bd6
9.Re1 Bg4 10.e4 Bb4 11.h3 Bxf3 12.Qxf3 Nb6 13.Bb3 Qxd4 14.Be3 Qd7 15.a5 Nc8
16.Bg5 Be7 17.Bf4 O-O 18.Rad1 Qe8 19.g4 Nd7 20.e5 Bb4 21.Bc2 Bxc3 22.Qxc3 Ne7
23.Qd3 Ng6 24.Bg3 Rd8 25.Qc4 Qe7 26.b4 Nb8 27.f4 Rxd1 28.Rxd1 Rd8 29.Rxd8+ Qxd8
30.Qd3 Qxd3 31.Bxd3 Nd7 32.Kf2 Kf8 33.Kf3 Ne7 34.Be1 Nd5 35.h4 g6 36.Ke4 c5
37.Bb5 f5+ 38.gxf5 gxf5+ 39.Kf3 Ke7 40.bxc5 Nxc5 41.Bf2 b6 42.axb6 axb6 43.h5 h6
44.Bh4+ Kf7 45.Bd8 Nb3 46.Bd3 Nd4+ 47.Kg3 b5 48.Ba5 b4 49.Bc4 b3 50.Bxd5 exd5
51.Bc3 Ne2+  0-1